00428 2200169 4500001002100000005001500021008004100036020002200077035001900099082001000118090001600128100002100144245002800165250000900193260002700202300002900229INLIS00000000000940720241224113821241224||||||||| | ||| |||| ||  a978-979-29-1620-1 0010-12240094070 a745.5 a745.5 NUR d0 aNURHETI YULIARTI00aDari Sampah Jadi Berkah aed.1 aYogyakartabandic2010 avi + 42 hlm.; 14 x 21 cm